• 首页
  • 本馆介绍
  • 公告通知
  • 最新文献
  • 馆藏检索
  • 电子资源
  • 读者导购
  • 参考咨询
  • 我的图书馆
  • 登录
  • 详细信息显示
  • 放入我的书架
  • 预约/预借图书
  • 作者相关作品
  • 分类相关作品
  • 丛书相关作品
  • 出版社相关作品

书目信息

  • 表格格式
  • 工作单格式
  • 卡片格式
题名:
滋补靓汤
    
 
作者: 甘智荣
分册:  
出版信息: 乌鲁木齐   新疆科技卫生出版社  2016.06
页数: 792页
开本: 20cm
丛书名:
单 册:
中图分类: TS972.122
科图分类:
主题词: 饮食业--供应技术
电子资源:
ISBN: 7-5372-6563-1
000 00613nam0 2200217 450
001 2369
005 20161205104449.95
010    @a7-5372-6563-1@dCNY35.00
100    @a20150808d2016 km y0chiy0120 ea
101 0  @achi
102    @aCN@b650000
200 1  @a滋补靓汤@Azi bu liang tang@f甘智荣@Fgan zhi rong
210    @a乌鲁木齐@c新疆科技卫生出版社@d2016.06
215    @a792页@d20cm
300    @a含光盘
330    @a保健·汤菜·菜谱
606 0  @a饮食业@x供应技术
690    @aTS972.122@v4
701  0 @a甘智荣@Agan zhi rong
801  0 @aCN@b大连网信软件有限公司图书馆·11@c20161205
905    @aZUCC@dTS972.122@e428
    
    滋补靓汤/甘智荣.-乌鲁木齐:新疆科技卫生出版社,2016.06
    792页;20cm
    含光盘
    
    ISBN 7-5372-6563-1:CNY35.00
    保健·汤菜·菜谱
●
相关链接 在E读中查询图书 在五车中查询图书 在当当中查询图书 在豆瓣中查询图书


正题名:滋补靓汤     索取号:TS972.122/428         预约/预借

序号 登录号 条形码 馆藏地/架位号 状态 备注
1 910736   209107367   第二样本阅览室/ [索取号:TS972.122/428] 在馆    
2 910737   209107376   第三借阅区/ [索取号:TS972.122/428] 在馆    
3 910738   209107385   第三借阅区/ [索取号:TS972.122/428] 在馆    
4 910739   209107394   第三借阅区/ [索取号:TS972.122/428] 在馆    
5 910740   209107401   第三借阅区/ [索取号:TS972.122/428] 在馆    
唐山师范学院图书馆 欢迎您!
大连网信软件有限公司© 版权所有